000 00991nam a2200241 i 4500
001 141499
003 ES-MaACL
005 20250804085013.0
007 t|
008 070925s1904 sp |||| | spa d
100 1 _aVillegas, Baldomero.
_9115202
245 1 3 _aLa cuestión social en el Quijote
_b: reto, en tres cartas abiertas a D. Marcelino Menéndez y Pelayo /
_cRafael Villegas.
260 _aMadrid :
_b[s.n.],
_c1904.
300 _a15 p. ;
_c21 cm.
530 _aDisponible en formato digital.
600 1 4 _aCervantes Saavedra, Miguel de,
_d1547-1616.
_tDon Quijote de la Mancha-
_xCrítica e interpretación
_937618
650 7 _aÉtica social
_2embne
_912593
700 1 _aMenéndez y Pelayo, Marcelino,
_d1856-1912
_980332
852 _aES-MaACL
_j2237-F-8
_dOlim: T-1057-F-7
_cDEPOF
_zRevisado enlace: 03 de Mayo de 2025
856 _uhttp://bdh-rd.bne.es/viewer.vm?id=0000189348&page=1
_yBiblioteca Digital Hispánica
942 _2udc
999 _c141499
_d141499